Резание материалов. Режущий инструмент: учебное пособие

Bibliografiske detaljer
Andre forfattere: Кишуров В. М. Владимир Михайлович, Криони Н. К. Николай Константинович, Постнов В. В. Владимир Валентинович, Черников П. П. Петр Петрович
Summary:Изложены основные принципы процесса резания металлов, вопросы формирования обработанной поверхности, общие представления о конструкции и геометрии режущего инструмента для отдельных видов обработки (точения, фрезерования, протягивания, сверления, шлифования и др.), об использовании современных СОТС и механизме их действия при механической обработке, общие представления о конструкции и геометрии режущего инструмента, используемого в мехатронных станочных системах. Для студентов специальности 151001 - Технология машиностроения. Пособие может быть полезно студентам специальностей 220301 — Автоматизация технологических процессов и производств, 220401 - Мехатроника, аспирантам и инженерно-техническим работникам машиностроительных предприятий.
Sprog:russisk
Udgivet: Москва, Машиностроение, 2009
Udgivelse:3-е изд., перераб. и доп.
Fag:
Format: Bog
KOHA link:https://koha.lib.tpu.ru/cgi-bin/koha/opac-detail.pl?biblionumber=261475

MARC

LEADER 00000nam0a2200000 4500
001 261475
005 20231101233552.0
010 |a 9785217034550 
035 |a (RuTPU)RU\TPU\book\284456 
090 |a 261475 
100 |a 20140523d 2009m y0rusy50 ca 
101 0 |a rus 
102 |a RU 
105 |a a j 001zy 
200 1 |a Резание материалов. Режущий инструмент  |e учебное пособие  |f В. М. Кишуров [и др.] 
205 |a 3-е изд., перераб. и доп. 
210 |a Москва  |c Машиностроение  |d 2009 
215 |a 492 с.  |c ил. 
320 |a Библиогр.: с. 477-486. 
330 |a Изложены основные принципы процесса резания металлов, вопросы формирования обработанной поверхности, общие представления о конструкции и геометрии режущего инструмента для отдельных видов обработки (точения, фрезерования, протягивания, сверления, шлифования и др.), об использовании современных СОТС и механизме их действия при механической обработке, общие представления о конструкции и геометрии режущего инструмента, используемого в мехатронных станочных системах. Для студентов специальности 151001 - Технология машиностроения. Пособие может быть полезно студентам специальностей 220301 — Автоматизация технологических процессов и производств, 220401 - Мехатроника, аспирантам и инженерно-техническим работникам машиностроительных предприятий. 
606 1 |a Резание материалов  |2 stltpush  |3 (RuTPU)RU\TPU\subj\24497  |9 48835 
610 1 |a история 
610 1 |a инструментальные материалы 
610 1 |a понятия 
610 1 |a термины 
610 1 |a режимы резания 
610 1 |a точение 
610 1 |a физические основы 
610 1 |a динамика 
610 1 |a механика 
610 1 |a обработка резанием 
610 1 |a вибрация 
610 1 |a тепловые явления 
610 1 |a режущие инструменты 
610 1 |a износ 
610 1 |a скорость 
610 1 |a стойкость 
610 1 |a затупление 
610 1 |a оптимальные режимы 
610 1 |a обрабатываемость 
610 1 |a нестационарное резание 
610 1 |a высокоскоростное резание 
610 1 |a сверхскоростное резание 
610 1 |a обработанные поверхности 
610 1 |a качество 
610 1 |a отверстия 
610 1 |a фрезерование 
610 1 |a протягивание 
610 1 |a строгание 
610 1 |a долбление 
610 1 |a абразивная обработка 
610 1 |a смазочные материалы 
610 1 |a мехатронные станочные системы 
610 1 |a учебные пособия 
675 |a 621.91(075.8)  |v 3 
701 1 |a Кишуров  |b В. М.  |g Владимир Михайлович 
701 1 |a Криони  |b Н. К.  |g Николай Константинович 
701 1 |a Постнов  |b В. В.  |g Владимир Валентинович 
701 1 |a Черников  |b П. П.  |g Петр Петрович 
801 1 |a RU  |b 63413507  |c 20140523 
801 2 |a RU  |b 63413507  |c 20140908  |g RCR 
942 |c BK 
959 |a 69/20140411  |d 5  |e 600,00  |f ЧЗТЛ:1  |f АНЛ:1  |f УФ:3